00647 2200193 4500001002100000005001500021035002000036007000300056008004100059020002200100082001600122084002200138100001400160245016400174260004500338300003400383600001400417600002200431INLIS00000000000400120251107102721 a0010-1125000033ta251107 g 0 ind  a978-623-346-374-4 a92 (Yansen) a92 (Yansen) YAN m0 aYansen TP1 aMengkhianati Keputusan Sendiri :bMemoar Politik YTP : Refleksi Perkehidupan Politik Indonesia /cDr. Yansen TP, M.Si (Penulis); RBE Agung Nugroho (Penyunting) aJakarta :bKompas Media Nusantara,c2022 axlv, 402 hlm :bteks ;c23 cm 4aYansen TP 4aPolitik Indonesia